000 01040nam a22003257a 4500
001 0014982
003 KOHA_MİRAKIL
005 20260207002013.0
007 ta
008 100310b1994 tu |||grd|||#0|||1|tur |
020 _a9754130213
040 _aTR-BiSEU
_btur
_cTR-BiSEU
_erda
041 0 _atur
044 _ctu
050 _aPL191
_b.R55 1994
100 1 _aRedhouse, Sir James William.
240 1 0 _aNew Redhouse Turkish English dictionary
_lTürkçe
245 1 _aRedhouse yeni Türkçe-İngilizce sözlük =
_bNew Redhouse Turkish English dictionary/
_cSir James William Redhouse ; Sir James William Redhouse.
250 _a22 bs.
264 1 _aİstanbul :
_bRedhouse
_c1994
300 _a1152 sayfa
336 _ametin
_btxt
_2rdacontent
337 _aaracısız
_bn
_2rdamedia
338 _acilt
_bnc
_2rdacarrier
650 0 _aİngiliz dili--Sözlükler--Türkçe.
_93194
650 0 _aEnglish language--Dictionaries--Turkish.
_93195
650 0 _aSözlükler.
_91707
907 _aSözlük
942 _2lcc
_cBK
999 _c14945
_d14945